| 000 | 02009nam0a22003491 4500 | ||
|---|---|---|---|
| 001 | rc\3523724 | ||
| 005 | 20260407150107.0 | ||
| 021 |
_aRU _b[70-19040] |
||
| 035 | _a(NLR Aleph) 007662279 | ||
| 090 |
_a6344630 _c6344630 |
||
| 100 | _a20130115d1970 |||y0rusy50 ca | ||
| 101 | 0 | _arus | |
| 102 | _aRU | ||
| 105 | _aa z ||||| | ||
| 200 | 1 |
_aВ едином строю _eВоспоминания участников партизанского движения в Белоруссии. 1941-1944 _fСост. Ю. Тобиаш, канд. ист. наук Г.Н. Шевела, З.И. Белуга [и др.] _gРед. коллегия: П.П. Липило [и др.] _gИн-т истории партии при ЦК КПБ - филиал Ин-та марксизма-ленинизма при ЦК КПСС. Ин-т истории АН БССР. Воен.-ист. ин-т Войска Польского |
|
| 210 |
_aМинск _cБеларусь _d1970 |
||
| 215 |
_a531 с. _cил. _d20 |
||
| 320 | _aИменной и геогр. указатели: с. 496-529 | ||
| 606 |
_aПоляки в Великой Отечественной войне 1941-1945 гг. _jВоспоминания и записки _2psbo |
||
| 606 |
_aСоветско-польские отношения _xИстория _z1941-1945 _2psbo |
||
| 606 |
_aПролетарский интернационализм _2psbo |
||
| 606 |
_aПартизанское движение в Великой Отечественной войне 1941-1945 гг. _yБССР _jВоспоминания и записки _2psbo |
||
| 702 | 1 |
_aБелуга _bЗ.И. _4220 |
|
| 702 | 1 |
_aЛипило _bП.П. _gПавел Павлович _4340 |
|
| 702 | 1 |
_aШевела _bГ.Н. _4220 |
|
| 702 | 1 |
_aТобиаш _bЮ. _gЮлиан _4220 |
|
| 712 | 0 | 2 |
_aИнститут истории партии _cМинск _3RU\NLR\AUTH\8810024505 _9547232 |
| 801 | 0 |
_aRU _bNLR _gpsbo |
|
| 801 | 1 |
_aRU _bELAR _2rusmarc |
|
| 852 |
_aNLR _j70-3/538 |
||
| 942 | _cBOOK | ||
| 980 | _aNB | ||